Linee del sistema sovrannazionale romano
Salvato in:
| Autore principale: | |
|---|---|
| Natura: | Libro |
| Lingua: | italiano |
| Pubblicazione: |
Turín
G. Giappichelli
1965
|
| Serie: | Memorie dell'Istituto Giuridico, 119
|
| Soggetti: | |
| Tags: |
Aggiungi Tag
Nessun Tag, puoi essere il primo ad aggiungerne!!
|
MARC
| LEADER | 00000nam a2200000 a 4500 | ||
|---|---|---|---|
| 001 | UCR2856 | ||
| 003 | CL-VaPUC | ||
| 008 | 980116e19650000IT |||||||||||||||||ita|d | ||
| 082 | 0 | 4 | |a 340.54 |b CAT |2 21 |
| 100 | 0 | |a Catalano, Pierangelo |e author |9 401283 | |
| 245 | 1 | 0 | |a Linee del sistema sovrannazionale romano |
| 300 | |a 317 p | ||
| 942 | |c BK | ||
| 945 | |d 19980116 00:00:00 |a aolguin | ||
| 260 | |a Turín |b G. Giappichelli |c 1965 | ||
| 650 | 0 | |a Derecho romano |9 255930 | |
| 650 | 0 | |a Soberanía |9 266726 | |
| 650 | 0 | |a Territorio |9 378883 | |
| 650 | 7 | |a SISTEMA JURIDICO |2 CL-VaPUC |9 401284 | |
| 650 | 7 | |a EXTRANJERIA |2 CL-VaPUC |9 401285 | |
| 650 | 0 | |a Comercio |9 255341 | |
| 650 | 7 | |a FEDERACION |2 CL-VaPUC |9 358919 | |
| 650 | 7 | |a ESTRUCTURA |2 CL-VaPUC |9 355242 | |
| 650 | 7 | |a FUNCION |2 CL-VaPUC |9 393242 | |
| 583 | |a last modification |c 19980116 00:00:00 |k Rodrigo Vera | ||
| 490 | 0 | |a Memorie dell'Istituto Giuridico, 119 | |
| 999 | |c 265978 |d 265976 | ||
| 952 | |0 0 |1 0 |4 0 |6 340_540000000000000_CAT_1965 |7 0 |8 DER_ROM |9 297221 |a BIBDER |b BIBDER |d 2019-11-20 |i 1936034 |l 1 |o 340.54 CAT 1965 |p 1936034 |r 2023-01-25 |s 2020-03-19 |w 2019-11-20 |x Ubicación 4to piso |y BK |z Este recurso debe solicitarse con anticipación |k DER | ||